Návrhy opatrení na zlepšenie využívania softvérovej podpory riadenia podniku Stredoslovenská energetika, a.s. Žilina = Proposals of measures to improve the use of software control support of the company Central Slovak Energetics, a joint-stock company Žilina : Bakalárska práca

Na minha lista:
Detalhes bibliográficos
Autor principal: Kučera, Igor, 1962- (Author)
Outros Autores: Šujanová, Jana, 1961- (xxx)
Formato: Manuscrito Livro
Idioma:eslovaco
Publicado em: Trnava : STU v Bratislave MTF UPMK, 2009
Assuntos:
Tags: Adicionar Tag
Sem tags, seja o primeiro a adicionar uma tag!

MARC

LEADER 00000ntm a22000003a 4500
001 stu198223
005 20160719160021.2
008 100115s2009----xo------------------slo-d
040 |a STU  |b slo 
041 0 |a slo 
044 |a xo 
100 1 |a Kučera, Igor,  |d 1962-  |4 aut  |X 25385  |7 A000025385 
245 1 |a Návrhy opatrení na zlepšenie využívania softvérovej podpory riadenia podniku Stredoslovenská energetika, a.s. Žilina = Proposals of measures to improve the use of software control support of the company Central Slovak Energetics, a joint-stock company Žilina :  |b Bakalárska práca 
260 |a Trnava :  |b STU v Bratislave MTF UPMK,  |c 2009 
500 |a Študijný program: priemyselné manažérstvo 
500 |a Študijný odbor: 5.2.52 priemyselné inžinierstvo 
650 7 |a informácia  |2 stusub 
650 7 |a informačné systémy  |2 stusub 
650 7 |a podpora riadenia  |2 stusub 
700 1 |a Šujanová, Jana,  |d 1961-  |4 xxx  |u M4000  |U MTF Materiálovotechnologická fakulta  |T MTF Ústav priemyselného inžinierstva a manažmentu  |X 2306  |U M4000  |Y 84  |7 A000002306 
996 |b 284M072086  |c M*BP-4260  |l MMSKP  |s P  |a 0  |w stu198223_0001